[Event "33. Open Ciudad de San Sebastian"]
[Site "San Sebastián ESP"]
[Date "2010.04.03"]
[Round "8.16"]
[White "Bae, Torstein"]
[Black "Andersen, Alf R"]
[Result "1-0"]
[WhiteElo "2414"]
[BlackElo "2185"]
[PlyCount "57"]
[EventDate "2010.03.28"]
[EventType "swiss"]
[EventRounds "9"]
[EventCountry "ESP"]
[Source "lmi"]
[SourceDate "2010.03.28"]

1. d4 f5 2. g3 Nf6 3. Bg2 g6 4. Nf3 d6 5. O-O Bg7 6. c4 O-O 7. Nc3 Qe8 8. Nd5
Nxd5 9. cxd5 h6 10. e4 fxe4 11. Nd2 Bxd4 12. Nxe4 Bg7 13. Be3 c6 14. Rc1 Qf7
15. Re1 cxd5 16. Nxd6 exd6 17. Rxc8 d4 18. Rxf8+ Bxf8 19. Bxd4 Nc6 20. Bc3 Kh7
21. Bd5 Qc7 22. Re6 Ne5 23. Kg2 Bg7 24. f4 Nf7 25. Bxg7 Kxg7 26. Qd4+ Kh7 27.
Qe4 Rf8 28. Qxg6+ Kh8 29. Be4 1-0

[Event "33. Open Ciudad de San Sebastian"]
[Site "San Sebastián ESP"]
[Date "2010.04.03"]
[Round "8.17"]
[White "Santos Etxepare, Agustin"]
[Black "Juaristi Izaga, Jose Ignacio"]
[Result "1-0"]
[WhiteElo "1593"]
[BlackElo "1489"]
[PlyCount "56"]
[EventDate "2010.03.28"]
[EventType "swiss"]
[EventRounds "9"]
[EventCountry "ESP"]
[Source "lmi"]
[SourceDate "2010.03.28"]

1. d4 d6 2. c4 g6 3. Nc3 Bg7 4. Nf3 c6 5. e4 Qc7 6. Bd3 e5 7. Be3 Ne7 8. O-O
O-O 9. Qd2 b6 10. dxe5 dxe5 11. Bh6 Rd8 12. Rad1 Bg4 13. Bxg7 Kxg7 14. Qe3 Na6
15. Be2 Rxd1 16. Rxd1 Rd8 17. Rxd8 Qxd8 18. Nxe5 Bxe2 19. Qxe2 Qd6 20. f4 f6
21. Nd3 Qd4+ 22. Nf2 Nc5 23. g3 Nb7 24. Qd3 Qxd3 25. Nxd3 Kf7 26. Kf2 Na5 27.
b3 Nc8 28. Ke3 Nb7 1-0

[Event "33. Open Ciudad de San Sebastian"]
[Site "San Sebastián ESP"]
[Date "2010.04.03"]
[Round "8.18"]
[White "Collins, Sam E"]
[Black "Rodriguez Lapetra, Pablo"]
[Result "1-0"]
[WhiteElo "2401"]
[BlackElo "2105"]
[PlyCount "41"]
[EventDate "2010.03.28"]
[EventType "swiss"]
[EventRounds "9"]
[EventCountry "ESP"]
[Source "lmi"]
[SourceDate "2010.03.28"]

1. e4 c5 2. Nc3 Nc6 3. Bb5 e6 4. Bxc6 bxc6 5. d3 d5 6. f4 Nf6 7. e5 Nd7 8. Nf3
Ba6 9. O-O Be7 10. Qe1 Qc7 11. f5 c4 12. Qg3 g6 13. fxe6 fxe6 14. Bg5 Nf8 15.
Bxe7 Qxe7 16. Ng5 cxd3 17. Nf7 Qb4 18. Nd6+ Kd8 19. Qg5+ Kc7 20. Qe7+ Kb6 21.
Nc8+ 1-0

[Event "33. Open Ciudad de San Sebastian"]
[Site "San Sebastián ESP"]
[Date "2010.04.03"]
[Round "8.19"]
[White "Alvarez Fernandez, Enrique"]
[Black "Diez Fraile, David"]
[Result "1/2-1/2"]
[WhiteElo "2366"]
[BlackElo "2168"]
[PlyCount "77"]
[EventDate "2010.03.28"]
[EventType "swiss"]
[EventRounds "9"]
[EventCountry "ESP"]
[Source "lmi"]
[SourceDate "2010.03.28"]

1. d4 Nf6 2. Nf3 g6 3. Bf4 Bg7 4. e3 O-O 5. h3 d6 6. Be2 Nbd7 7. Bh2 Qe8 8. c4
e5 9. Nc3 exd4 10. exd4 Ne4 11. Nxe4 Qxe4 12. O-O b6 13. Re1 Qe7 14. Bd3 Qd8
15. Be4 Rb8 16. Qa4 a5 17. Bc6 Nf6 18. c5 bxc5 19. dxc5 Rxb2 20. Rad1 Bd7 21.
cxd6 cxd6 22. Bxd7 Qxd7 23. Qxa5 Qb7 24. Rd2 Rxd2 25. Qxd2 Qa7 26. Qxd6 Qxa2
27. Be5 Qd5 28. Qxd5 Nxd5 29. Bxg7 Kxg7 30. Rd1 Nf6 31. g4 h6 32. Ra1 Rd8 33.
Ne5 Re8 34. Nf3 Re7 35. Rd1 Ra7 36. Kg2 Rb7 37. Rd4 Ra7 38. Rd1 Rb7 39. Rd4
1/2-1/2

[Event "33. Open Ciudad de San Sebastian"]
[Site "San Sebastián ESP"]
[Date "2010.04.03"]
[Round "8.20"]
[White "Lakunza Plazaola, Asier"]
[Black "Trepat Herranz, Joan"]
[Result "1/2-1/2"]
[WhiteElo "2093"]
[BlackElo "2305"]
[PlyCount "47"]
[EventDate "2010.03.28"]
[EventType "swiss"]
[EventRounds "9"]
[EventCountry "ESP"]
[Source "lmi"]
[SourceDate "2010.03.28"]

1. e4 e5 2. Nf3 Nc6 3. Bb5 Nf6 4. Nc3 Bb4 5. O-O O-O 6. d3 d6 7. Bg5 Bxc3 8.
bxc3 Qe7 9. Re1 Nd8 10. d4 Ne6 11. Bc1 c5 12. Bf1 Rd8 13. a4 d5 14. exd5 Nxd5
15. Rxe5 Nxc3 16. Qe1 cxd4 17. Nxd4 Rxd4 18. Qxc3 Qb4 19. Qe3 Rd8 20. c3 Qg4
21. Be2 Qg6 22. Bf3 Bd7 23. Qe2 Bc6 24. Bxc6 1/2-1/2

[Event "33. Open Ciudad de San Sebastian"]
[Site "San Sebastián ESP"]
[Date "2010.04.03"]
[Round "8.21"]
[White "Alonso Arburu, Juan Ignacio"]
[Black "Guijarro Galan, Jose Luis"]
[Result "1/2-1/2"]
[WhiteElo "2372"]
[BlackElo "2104"]
[PlyCount "110"]
[EventDate "2010.03.28"]
[EventType "swiss"]
[EventRounds "9"]
[EventCountry "ESP"]
[Source "lmi"]
[SourceDate "2010.03.28"]

1. c4 e6 2. Nf3 Nf6 3. g3 d5 4. b3 c5 5. Bg2 d4 6. d3 Nc6 7. O-O h6 8. Na3 Bd6
9. Nc2 e5 10. e4 Be6 11. a3 Qd7 12. b4 b6 13. b5 Ne7 14. Nxe5 Bxe5 15. f4 Bc7
16. f5 Be5 17. Ne1 Qd6 18. fxe6 Qxe6 19. Nf3 Ng6 20. a4 a5 21. Nxe5 Nxe5 22.
Rf5 Nfd7 23. Qf1 g5 24. Qe2 Qg6 25. Bd2 f6 26. Raf1 Ke7 27. Kf2 h5 28. Ke1 h4
29. g4 Raf8 30. h3 Rf7 31. Kd1 Rhf8 32. Kc2 Qg7 33. Qe1 Ra8 34. Qc1 Rg8 35. Be1
Rff8 36. Bf2 Qf7 37. Qa3 Kd8 38. Bg1 Qe6 39. R1f2 Rf7 40. Bf1 Rgf8 41. Be2 Qe7
42. Rg2 Qe6 43. Qa1 Qe7 44. Rf1 Qd6 45. Qe1 Qe6 46. Qf2 Ke7 47. Qf5 Re8 48.
Rgf2 Rg8 49. Kd2 Re8 50. Rc1 Rd8 51. Bd1 Nf8 52. Bb3 Nfg6 53. Bh2 Rdf8 54. Rcf1
Kd7 55. Bg1 Ne7 1/2-1/2

[Event "33. Open Ciudad de San Sebastian"]
[Site "San Sebastián ESP"]
[Date "2010.04.03"]
[Round "8.22"]
[White "Huerga Leache, Mikel"]
[Black "Benson, Oisin P"]
[Result "1-0"]
[WhiteElo "2446"]
[BlackElo "2065"]
[PlyCount "93"]
[EventDate "2010.03.28"]
[EventType "swiss"]
[EventRounds "9"]
[EventCountry "ESP"]
[Source "lmi"]
[SourceDate "2010.03.28"]

1. e4 c5 2. Nf3 d6 3. d4 cxd4 4. Nxd4 Nf6 5. Nc3 a6 6. Be3 e5 7. Nf3 Be7 8. Bc4
O-O 9. O-O Be6 10. Qe2 b5 11. Bb3 Nc6 12. Rfd1 Qc7 13. Bg5 b4 14. Nb1 Rfd8 15.
Bxf6 Bxf6 16. Nbd2 d5 17. exd5 Bxd5 18. Bxd5 Rxd5 19. Ne4 Rxd1+ 20. Rxd1 Be7
21. Qc4 Rd8 22. Rxd8+ Qxd8 23. g3 Qb6 24. Neg5 Nd8 25. Qe4 g6 26. Qxe5 Bf6 27.
Qe8+ Kg7 28. b3 Qb7 29. Qe2 Nc6 30. h4 Qb6 31. Qe8 Nd8 32. Ne4 Bb2 33. Qd7 Qe6
34. Qd3 a5 35. h5 Nc6 36. Neg5 Qe7 37. Qd5 Qe8 38. h6+ Kxh6 39. Nxf7+ Kg7 40.
N7g5 Kh8 41. Kg2 h6 42. Ne6 g5 43. Qd6 Ba1 44. Nc7 Qe4 45. Qxh6+ Kg8 46. Qxg5+
Bg7 47. Qd5+ 1-0

[Event "33. Open Ciudad de San Sebastian"]
[Site "San Sebastián ESP"]
[Date "2010.04.03"]
[Round "8.23"]
[White "Acosta Garcia, Alfonso Carlos"]
[Black "Aranaz Murillo, Amalia"]
[Result "0-1"]
[WhiteElo "2327"]
[BlackElo "2083"]
[PlyCount "110"]
[EventDate "2010.03.28"]
[EventType "swiss"]
[EventRounds "9"]
[EventCountry "ESP"]
[Source "lmi"]
[SourceDate "2010.03.28"]

1. d4 d5 2. c4 c6 3. Nf3 Nf6 4. Nc3 a6 5. c5 g6 6. Bf4 Bf5 7. Qb3 Ra7 8. h3
Nbd7 9. e3 Bg7 10. Be2 Be4 11. O-O Bxf3 12. Bxf3 O-O 13. Rad1 Re8 14. e4 dxe4
15. Nxe4 Nxe4 16. Bxe4 Nf6 17. Bf3 e6 18. Rfe1 Re7 19. Be5 Rd7 20. Qc4 Nd5 21.
b4 Ra8 22. a4 b5 23. cxb6 Qxb6 24. Rb1 Rb7 25. Bxg7 Kxg7 26. Bxd5 cxd5 27. Qd3
Rc8 28. b5 Rc4 29. bxa6 Qxa6 30. Qg3 Rxa4 31. Qe5+ Kg8 32. h4 h6 33. h5 Rxb1
34. Rxb1 Ra1 35. Qb8+ Kg7 36. Qe5+ Kh7 37. hxg6+ Kxg6 38. Qe1 Rxb1 39. Qxb1+
Kg7 40. Qd1 Qb6 41. Qd3 Qd6 42. Qe3 Qe7 43. g3 Qg5 44. Qc3 h5 45. Kh2 h4 46.
gxh4 Qxh4+ 47. Kg2 Qg4+ 48. Kf1 Kg6 49. Qd3+ f5 50. Qe3 f4 51. Qd3+ Qf5 52. Qc3
f3 53. Ke1 Qe4+ 54. Qe3 Kf5 55. Kf1 Qb1+ 0-1

[Event "33. Open Ciudad de San Sebastian"]
[Site "San Sebastián ESP"]
[Date "2010.04.03"]
[Round "8.24"]
[White "Martin Alvarez, Inigo"]
[Black "Navarro Rivas, Rashid"]
[Result "1-0"]
[WhiteElo "2289"]
[BlackElo "2046"]
[PlyCount "131"]
[EventDate "2010.03.28"]
[EventType "swiss"]
[EventRounds "9"]
[EventCountry "ESP"]
[Source "lmi"]
[SourceDate "2010.03.28"]

1. e4 e5 2. Nf3 Nf6 3. Nxe5 d6 4. Nf3 Nxe4 5. d4 d5 6. Bd3 Nc6 7. O-O Be7 8. c4
Nb4 9. cxd5 Nxd3 10. Qxd3 Nf6 11. Qb5+ Qd7 12. Qxd7+ Bxd7 13. Nc3 O-O 14. Bf4
Rac8 15. Be5 Rfd8 16. Rac1 b5 17. Rfe1 Kf8 18. Ng5 Bf5 19. Nxb5 Nxd5 20. Nf3
Rd7 21. Nxa7 Ra8 22. Nc6 f6 23. Bg3 Rxa2 24. Nh4 Bd3 25. h3 Rxb2 26. Nxe7 Rxe7
27. Rxe7 Kxe7 28. Bxc7 g5 29. Nf3 h5 30. Bg3 h4 31. Bh2 Bb5 32. g3 Nc3 33. Rxc3
Rb1+ 34. Kg2 Bf1+ 35. Kh1 Bxh3+ 36. Bg1 hxg3 37. fxg3 Rb2 38. Ne1 Kd6 39. Rc2
Rb1 40. Bf2 Kd5 41. Kh2 Bg4 42. Kg2 Kd6 43. Ra2 Bf5 44. Ra6+ Ke7 45. Kf3 Rb3+
46. Be3 Rb1 47. Bd2 Rb3+ 48. Be3 Rb1 49. Ra7+ Ke6 50. Ra6+ Ke7 51. Ra7+ Ke6 52.
g4 Bg6 53. Ra6+ Ke7 54. Bd2 Rb3+ 55. Be3 Rb1 56. Bxg5 Rxe1 57. Bxf6+ Kf7 58.
Be5 Be4+ 59. Kf4 Bd5 60. Kf5 Rf1+ 61. Bf4 Re1 62. Rf6+ Ke7 63. Bd6+ Kd7 64. Be5
Rf1+ 65. Bf4 Re1 66. Rd6+ 1-0

[Event "33. Open Ciudad de San Sebastian"]
[Site "San Sebastián ESP"]
[Date "2010.04.03"]
[Round "8.25"]
[White "Nava Pereda, Carlos"]
[Black "Pasanen, Tuomo"]
[Result "1-0"]
[WhiteElo "2254"]
[BlackElo "2041"]
[PlyCount "109"]
[EventDate "2010.03.28"]
[EventType "swiss"]
[EventRounds "9"]
[EventCountry "ESP"]
[Source "lmi"]
[SourceDate "2010.03.28"]

1. Nf3 d5 2. d4 c6 3. c4 Nf6 4. Qc2 dxc4 5. Qxc4 Bf5 6. g3 Nbd7 7. Bg2 e6 8.
O-O h6 9. Nc3 Be7 10. e3 O-O 11. Qe2 Qc7 12. e4 Bg4 13. h3 Bh5 14. Be3 e5 15.
g4 Bg6 16. Nxe5 Nxe5 17. dxe5 Qxe5 18. f4 Qa5 19. e5 Ne8 20. a3 f5 21. b4 Qd8
22. Rac1 fxg4 23. Rfd1 Qc8 24. hxg4 Nc7 25. f5 Bxf5 26. gxf5 Qxf5 27. Qc4+ Kh8
28. Qe4 Qh5 29. Rd7 Bh4 30. Rc2 Bg3 31. Rf2 Qh2+ 32. Kf1 Bxf2 33. Bxf2 Rxf2+
34. Kxf2 Rf8+ 35. Ke2 Ne6 36. Kd1 Qg1+ 37. Kc2 Rf2+ 38. Rd2 Rxd2+ 39. Kxd2 Qf2+
40. Ne2 Ng5 41. Qg4 Qf7 42. Nc3 Ne6 43. Be4 g5 44. Qf5 Qxf5 45. Bxf5 Ng7 46.
Bc8 b6 47. Bd7 Kg8 48. Bxc6 Kf7 49. Bd5+ Ke7 50. Ne4 Nf5 51. Kd3 g4 52. Nf6 g3
53. Nh5 Kd7 54. Nf4 a5 55. Be6+ 1-0

[Event "33. Open Ciudad de San Sebastian"]
[Site "San Sebastián ESP"]
[Date "2010.04.03"]
[Round "8.26"]
[White "Fehr, Jukka"]
[Black "Nelson, Jonathan P"]
[Result "0-1"]
[WhiteElo "2024"]
[BlackElo "2245"]
[PlyCount "70"]
[EventDate "2010.03.28"]
[EventType "swiss"]
[EventRounds "9"]
[EventCountry "ESP"]
[Source "lmi"]
[SourceDate "2010.03.28"]

1. Nf3 Nf6 2. d4 d6 3. c4 g6 4. Nc3 Bg7 5. e4 O-O 6. Be2 e5 7. O-O Nc6 8. d5
Ne7 9. Ne1 Nd7 10. Be3 f5 11. f3 f4 12. Bf2 g5 13. Nb5 b6 14. b4 a6 15. Nc3 Nf6
16. c5 bxc5 17. bxc5 Ng6 18. cxd6 cxd6 19. Rb1 Rf7 20. Na4 g4 21. Nb6 Rb8 22.
Nxc8 Rxc8 23. Nd3 g3 24. hxg3 Nh5 25. Qe1 fxg3 26. Bxg3 Qg5 27. Kh2 Rc2 28. Rb2
Rxb2 29. Nxb2 Nxg3 30. Qxg3 Qd2 31. Bxa6 Qxb2 32. Bc8 Rf4 33. Be6+ Kh8 34. Qg5
Bf6 35. Qh6 Rh4+ 0-1

[Event "33. Open Ciudad de San Sebastian"]
[Site "San Sebastián ESP"]
[Date "2010.04.03"]
[Round "8.28"]
[White "Aranaz Portugues, Jose Carlos"]
[Black "Fletcher, John"]
[Result "0-1"]
[WhiteElo "2169"]
[BlackElo "2004"]
[PlyCount "84"]
[EventDate "2010.03.28"]
[EventType "swiss"]
[EventRounds "9"]
[EventCountry "ESP"]
[Source "lmi"]
[SourceDate "2010.03.28"]

1. d4 Nf6 2. Bg5 Ne4 3. Bf4 d5 4. e3 c5 5. Bd3 Nf6 6. c3 Nc6 7. Ne2 Nd7 8. Bg5
Qb6 9. Na3 c4 10. Bf5 e6 11. Bh3 h6 12. Bh4 g5 13. Bg3 h5 14. f3 f5 15. e4 g4
16. fxg4 hxg4 17. exd5 exd5 18. O-O Nf6 19. Nf4 Ne7 20. Qe2 gxh3 21. Nxd5 Nfxd5
22. Nxc4 Qg6 23. Nd6+ Kd8 24. c4 hxg2 25. Rf2 f4 26. cxd5 Qxd6 27. Bxf4 Qxd5
28. Rc1 b6 29. Bc7+ Ke8 30. Be5 Rh7 31. Rf6 Bd7 32. Rd6 Qb5 33. Qe4 Rc8 34. Re1
Rf7 35. Qxg2 Rc6 36. Bg3 Rxd6 37. Qa8+ Bc8 38. Bxd6 Qd7 39. Qd5 Bb7 40. Qe5
Qg4+ 41. Qg3 Qxd4+ 42. Re3 Rg7 0-1

[Event "33. Open Ciudad de San Sebastian"]
[Site "San Sebastián ESP"]
[Date "2010.04.03"]
[Round "8.29"]
[White "Hagemann, Tim Dr"]
[Black "Torres, Patrice"]
[Result "1-0"]
[WhiteElo "2164"]
[BlackElo "2003"]
[PlyCount "97"]
[EventDate "2010.03.28"]
[EventType "swiss"]
[EventRounds "9"]
[EventCountry "ESP"]
[Source "lmi"]
[SourceDate "2010.03.28"]

1. d4 d5 2. Nf3 Nf6 3. e3 g6 4. c4 Bg7 5. Nc3 O-O 6. Qb3 dxc4 7. Bxc4 Nc6 8.
Be2 b6 9. O-O Na5 10. Qc2 Bb7 11. b4 Nc6 12. a3 e6 13. Bb2 Ne7 14. Rac1 Ned5
15. Rfd1 Nxc3 16. Qxc3 Nd5 17. Qc2 Qe7 18. e4 Nf4 19. Bf1 Rfc8 20. g3 Nh5 21.
Bg2 f5 22. exf5 exf5 23. Qc4+ Kh8 24. Ne5 Bxg2 25. Nf7+ Qxf7 26. Qxf7 Bf3 27.
Re1 c6 28. Qb3 Bd5 29. Qc2 b5 30. Bc3 Nf6 31. Bd2 Ne4 32. Red1 Re8 33. Bf4 Kg8
34. h4 Kf7 35. Qd3 a5 36. f3 Nf6 37. Re1 a4 38. Be5 Bh6 39. Rc2 Nd7 40. Rf2 Bf8
41. Qc3 Re6 42. Rfe2 Rae8 43. Re3 h5 44. Bf4 Rxe3 45. Rxe3 Rxe3 46. Qxe3 Nb6
47. Qe5 Nc4 48. Qc7+ Ke6 49. Qh7 1-0

[Event "33. Open Ciudad de San Sebastian"]
[Site "San Sebastián ESP"]
[Date "2010.04.03"]
[Round "8.32"]
[White "Rodriguez Cabrera, Fco  Javier"]
[Black "Uriarte Prieto, Goyo"]
[Result "1-0"]
[WhiteElo "1962"]
[BlackElo "2086"]
[PlyCount "129"]
[EventDate "2010.03.28"]
[EventType "swiss"]
[EventRounds "9"]
[EventCountry "ESP"]
[Source "lmi"]
[SourceDate "2010.03.28"]

1. e4 e6 2. d4 d5 3. Nc3 Bb4 4. e5 c5 5. a3 Bxc3+ 6. bxc3 Qa5 7. Bd2 Qa4 8. Qg4
g6 9. Nf3 Qxc2 10. Be2 c4 11. O-O Nc6 12. Rfe1 Bd7 13. Bd1 Qb2 14. Ba4 Qb6 15.
Ng5 h6 16. Nh3 O-O-O 17. Reb1 Qc7 18. Bc2 Nge7 19. Nf4 Na5 20. Qd1 Kb8 21. a4
Ka8 22. Bc1 Bc6 23. Ba3 Nf5 24. Ne2 Rd7 25. Ng3 h5 26. Nxf5 gxf5 27. Bc5 Qd8
28. Qc1 f6 29. exf6 Qxf6 30. Rb5 Qd8 31. Rb2 Rg7 32. Rab1 Rhg8 33. g3 h4 34.
Qf4 hxg3 35. fxg3 Qg5 36. Qxg5 Rxg5 37. Bd6 Rg4 38. Re1 Bd7 39. Kf2 Rh8 40. h4
Nc6 41. Bd1 Re4 42. Re3 Rg8 43. Bf3 Rxe3 44. Kxe3 Nd8 45. a5 Nf7 46. Bf4 Re8
47. h5 Rh8 48. g4 fxg4 49. Bxg4 Nh6 50. Bxh6 Rxh6 51. Kf4 b5 52. axb6 a5 53.
b7+ Kb8 54. Kg5 Rh8 55. Kf6 a4 56. Kg7 Re8 57. h6 Re7+ 58. Kf6 Rh7 59. Kg6 Re7
60. h7 Re8 61. Rh2 Kxb7 62. h8=Q Rxh8 63. Rxh8 a3 64. Rh2 Ba4 65. Ra2 1-0

[Event "33. Open Ciudad de San Sebastian"]
[Site "San Sebastián ESP"]
[Date "2010.04.03"]
[Round "8.33"]
[White "Montoya Irigoyen, Inigo"]
[Black "D Anna Razzetti, Juan Pablo"]
[Result "1-0"]
[WhiteElo "2083"]
[BlackElo "1804"]
[PlyCount "65"]
[EventDate "2010.03.28"]
[EventType "swiss"]
[EventRounds "9"]
[EventCountry "ESP"]
[Source "lmi"]
[SourceDate "2010.03.28"]

1. c4 Nf6 2. g3 g6 3. Bg2 Bg7 4. Nc3 d6 5. Nf3 c6 6. O-O O-O 7. Rb1 Bf5 8. d3
e5 9. b4 a6 10. a4 Nbd7 11. Qc2 d5 12. e4 dxe4 13. dxe4 Be6 14. c5 Qc7 15. a5
Bc4 16. Rd1 Bb5 17. Bb2 Rad8 18. Bh3 Rfe8 19. Rd2 Bh6 20. Rd6 Bf8 21. Rdd1 Bg7
22. Nxb5 axb5 23. Rd3 h5 24. Rbd1 Ng4 25. Qd2 Re7 26. Rd6 Bh6 27. Qd3 Bg7 28.
Bc1 Kf8 29. Ng5 Ke8 30. Nh7 Rb8 31. f3 Ngf6 32. Bg5 Ra8 33. Nxf6+ 1-0

[Event "33. Open Ciudad de San Sebastian"]
[Site "San Sebastián ESP"]
[Date "2010.04.03"]
[Round "8.34"]
[White "Nogues Fernandez, Ramon"]
[Black "Andres Gonzalez, Ivan"]
[Result "0-1"]
[WhiteElo "1894"]
[BlackElo "2340"]
[PlyCount "68"]
[EventDate "2010.03.28"]
[EventType "swiss"]
[EventRounds "9"]
[EventCountry "ESP"]
[Source "lmi"]
[SourceDate "2010.03.28"]

1. e4 c5 2. Nf3 Nc6 3. d4 cxd4 4. Nxd4 Nf6 5. Nc3 d6 6. f3 e5 7. Nb3 Be6 8. Be3
Be7 9. Qd2 a5 10. Bb5 O-O 11. Rd1 Na7 12. a4 Nxb5 13. axb5 a4 14. Nc1 Qc7 15.
N1e2 Rfd8 16. Nd5 Nxd5 17. exd5 Bf5 18. c3 Qc4 19. Ng3 Bd7 20. Qe2 Bxb5 21.
Qxc4 Bxc4 22. Nf5 Bf8 23. Bc1 Bb3 24. Kf2 Bxd1 25. Rxd1 g6 26. Ne3 Bh6 27. Nc2
Bxc1 28. Rxc1 Ra5 29. Rd1 Rc8 30. Na3 Rcc5 31. c4 Ra6 32. Rd2 Rb6 33. Ke2 Rb3
34. Rc2 b5 0-1

[Event "33. Open Ciudad de San Sebastian"]
[Site "San Sebastián ESP"]
[Date "2010.04.03"]
[Round "8.36"]
[White "Fernandez Zubitur, Jokin"]
[Black "Ros Eskisabel, Jose Ramon"]
[Result "0-1"]
[WhiteElo "1908"]
[BlackElo "2143"]
[PlyCount "56"]
[EventDate "2010.03.28"]
[EventType "swiss"]
[EventRounds "9"]
[EventCountry "ESP"]
[Source "lmi"]
[SourceDate "2010.03.28"]

1. e4 Nf6 2. Nc3 d5 3. exd5 Nxd5 4. Bc4 Nb6 5. Bb3 Nc6 6. d3 Bf5 7. Be3 e6 8.
Nge2 Be7 9. O-O O-O 10. Ng3 Bg6 11. Nce4 Nd4 12. Qd2 c5 13. c3 Nxb3 14. axb3
Qc7 15. d4 cxd4 16. Bxd4 e5 17. Bxb6 Qxb6 18. Qd5 Qc7 19. Ra5 Rfe8 20. b4 Bf8
21. Qb3 Kh8 22. Rd5 f5 23. Nc5 b6 24. Nd7 f4 25. Nxf8 Rxf8 26. Rfd1 fxg3 27.
Rd7 gxf2+ 28. Kf1 Qc6 0-1

[Event "33. Open Ciudad de San Sebastian"]
[Site "San Sebastián ESP"]
[Date "2010.04.03"]
[Round "8.37"]
[White "Korhonen, Pasi"]
[Black "Tirado Parra, Alberto"]
[Result "1-0"]
[WhiteElo "2102"]
[BlackElo "1943"]
[PlyCount "55"]
[EventDate "2010.03.28"]
[EventType "swiss"]
[EventRounds "9"]
[EventCountry "ESP"]
[Source "lmi"]
[SourceDate "2010.03.28"]

1. e4 e5 2. Nf3 d6 3. d4 Nd7 4. Bc4 c6 5. O-O Be7 6. Nc3 Ngf6 7. h3 b5 8. Bd3
O-O 9. Ne2 Qc7 10. c3 Re8 11. Ng3 Bf8 12. Re1 g6 13. a4 a6 14. axb5 cxb5 15.
Bxb5 exd4 16. cxd4 Bb7 17. Bd3 Rac8 18. Bd2 Qb8 19. Bc3 Qa8 20. d5 Bg7 21. Nd2
Nc5 22. Nc4 Nfxe4 23. Nxe4 Nxe4 24. Bxg7 Kxg7 25. Nb6 Qa7 26. Qb3 Bxd5 27. Qxd5
Re5 28. Qd4 1-0

[Event "33. Open Ciudad de San Sebastian"]
[Site "San Sebastián ESP"]
[Date "2010.04.03"]
[Round "8.38"]
[White "Tome Vazquez, Oscar"]
[Black "Molina Rodriguez, Borja"]
[Result "1/2-1/2"]
[WhiteElo "2015"]
[BlackElo "1941"]
[PlyCount "94"]
[EventDate "2010.03.28"]
[EventType "swiss"]
[EventRounds "9"]
[EventCountry "ESP"]
[Source "lmi"]
[SourceDate "2010.03.28"]

1. g3 d5 2. Bg2 e5 3. c3 c6 4. d4 e4 5. Nh3 Bd6 6. f3 f5 7. O-O Nf6 8. Bg5 O-O
9. fxe4 fxe4 10. e3 h6 11. Bxf6 Rxf6 12. Rxf6 Qxf6 13. Nd2 Be6 14. Qe2 Nd7 15.
Rf1 Qe7 16. Nf4 Nf6 17. h3 Bf7 18. Qe1 Rf8 19. b3 g5 20. Ne2 Be6 21. c4 Qd7 22.
h4 Ng4 23. Rxf8+ Bxf8 24. Nf1 dxc4 25. bxc4 Bxc4 26. Nc3 Bb4 27. Qc1 Bxc3 28.
Qxc3 Qf7 29. Qe1 Bxf1 30. Bxf1 Qf3 31. Bc4+ Kh7 32. d5 Nxe3 33. Bf1 cxd5 34.
Bh3 gxh4 35. Kh2 hxg3+ 36. Qxg3 Qxg3+ 37. Kxg3 Nc2 38. Be6 Nb4 39. a3 Nc2 40.
Bxd5 b6 41. Bxe4+ Kg7 42. Bxc2 Kf6 43. Kh4 Ke5 44. a4 Kd4 45. Bd1 Kc3 46. Kh5
Kb4 47. Kxh6 a6 1/2-1/2

[Event "33. Open Ciudad de San Sebastian"]
[Site "San Sebastián ESP"]
[Date "2010.04.03"]
[Round "8.39"]
[White "Lopez Heras, Arturo"]
[Black "Zaballa Zarzosa, Jon"]
[Result "1-0"]
[WhiteElo "2001"]
[BlackElo "1872"]
[PlyCount "37"]
[EventDate "2010.03.28"]
[EventType "swiss"]
[EventRounds "9"]
[EventCountry "ESP"]
[Source "lmi"]
[SourceDate "2010.03.28"]

1. e4 e5 2. f4 exf4 3. Nf3 g5 4. Bc4 Bg7 5. d4 d6 6. O-O Nc6 7. c3 Bg4 8. Qb3
Na5 9. Bxf7+ Kf8 10. Qa4 c6 11. Bb3 b5 12. Qb4 Rb8 13. Nxg5 c5 14. dxc5 Nc6 15.
Qa3 Qxg5 16. Bxf4 Qd8 17. Bxd6+ Ke8 18. Bf7+ Kd7 19. Bd5 1-0

[Event "33. Open Ciudad de San Sebastian"]
[Site "San Sebastián ESP"]
[Date "2010.04.03"]
[Round "8.40"]
[White "Segovia Sanchez, Antonio"]
[Black "Tung, Siu Hung"]
[Result "1-0"]
[WhiteElo "1998"]
[BlackElo "1864"]
[PlyCount "135"]
[EventDate "2010.03.28"]
[EventType "swiss"]
[EventRounds "9"]
[EventCountry "ESP"]
[Source "lmi"]
[SourceDate "2010.03.28"]

1. d4 g6 2. Bf4 Bg7 3. e3 d6 4. Nf3 Nf6 5. h3 Na6 6. c3 c5 7. Nbd2 cxd4 8. exd4
Nc7 9. Bc4 O-O 10. O-O b5 11. Bb3 Bb7 12. Re1 Qd7 13. a4 a6 14. Qe2 e6 15. Qd3
Ncd5 16. Bh2 Bc6 17. Bc2 bxa4 18. Ra2 Bb5 19. Nc4 Rfc8 20. b3 Ne8 21. Nfd2 Bf8
22. bxa4 Bxc4 23. Nxc4 Qc7 24. Ne3 Nxc3 25. Rb2 Qc6 26. Bb3 Rab8 27. Nc4 Nxa4
28. Rc2 Qb5 29. Rb1 Nb6 30. Ba2 Qa4 31. Bb3 Qc6 32. Nxd6 Nxd6 33. Rxc6 Rxc6 34.
Bg3 Rbc8 35. Kh2 Nb5 36. Be5 Bd6 37. Bxd6 Rxd6 38. Qe3 Nxd4 39. Bd1 Rcd8 40.
Be2 a5 41. Bb5 Nf5 42. Qe4 Rd2 43. Bc6 Nd5 44. Bxd5 R2xd5 45. Qf4 e5 46. Qf3
Kg7 47. Rb7 a4 48. Ra7 Rd4 49. Ra5 e4 50. Qf4 Kg8 51. Ra7 e3 52. Qf3 exf2 53.
Qxf2 Rd3 54. Qf4 R3d4 55. Qe5 Ng7 56. Qf6 R4d7 57. Rxa4 Ne6 58. Rh4 Rd6 59. Qe7
Nd4 60. Rf4 Nf5 61. Qg5 Rd5 62. Rxf5 R5d7 63. Rf2 Kg7 64. Qe5+ Kg8 65. Qf6 Re8
66. Rc2 Ree7 67. Rc4 Re6 68. Qg5 1-0

[Event "33. Open Ciudad de San Sebastian"]
[Site "San Sebastián ESP"]
[Date "2010.04.03"]
[Round "8.41"]
[White "Darrigues, Alain"]
[Black "Saenz Zabala, Juan Ignacio"]
[Result "1-0"]
[WhiteElo "1997"]
[BlackElo "1845"]
[PlyCount "89"]
[EventDate "2010.03.28"]
[EventType "swiss"]
[EventRounds "9"]
[EventCountry "ESP"]
[Source "lmi"]
[SourceDate "2010.03.28"]

1. d4 d6 2. c4 c5 3. Nf3 g6 4. e4 Bg7 5. Nc3 cxd4 6. Nxd4 Nc6 7. Be3 Nf6 8. Be2
Bd7 9. O-O O-O 10. Qd2 a6 11. f3 Rc8 12. Rac1 Ne5 13. b3 Qa5 14. Rfd1 Rfd8 15.
Bh6 Nc6 16. Bxg7 Kxg7 17. Kh1 Qh5 18. Nd5 Nxd5 19. exd5 Nxd4 20. Qxd4+ Qe5 21.
Qxe5+ dxe5 22. c5 f5 23. Kg1 Kf6 24. c6 bxc6 25. dxc6 Be6 26. Rxd8 Rxd8 27. c7
Rd2 28. Bxa6 Rxa2 29. c8=Q Bxc8 30. Bxc8 Rb2 31. Rc6+ Kg5 32. Be6 Kf4 33. Rc1
e4 34. fxe4 fxe4 35. Bc4 e3 36. g3+ Ke4 37. Re1 e5 38. Re2 Rb1+ 39. Kg2 g5 40.
Bg8 Kd3 41. Bc4+ Ke4 42. Bg8 Kd3 43. Ra2 h6 44. Kf3 Rf1+ 45. Kg4 1-0